US State Border Chain - Statistics

General Stats
  • This quiz has been taken 57 times
  • The average score is 40 of 46
Answer Stats
Hint Answer % Correct
O Oregon
100%
I Idaho
98%
W Washington
98%
M Montana
95%
N North Dakota
95%
U Utah
95%
W Wyoming
95%
A Arizona
93%
A Arkansas
93%
I Illinois
93%
I Indiana
93%
K Kansas
93%
L Louisiana
93%
O Ohio
93%
O Oklahoma
93%
S South Dakota
93%
C Colorado
90%
I Iowa
90%
K Kentucky
90%
M Missouri
90%
T Tennessee
90%
T Texas
90%
N Nebraska
88%
F Florida
85%
G Georgia
85%
M Michigan
85%
N New Mexico
85%
R Rhode Island
85%
V Vermont
85%
W Wisconsin
85%
M Maine
83%
M Massachusetts
83%
N New Jersey
83%
N New York
83%
P Pennsylvania
83%
V Virginia
83%
W West Virginia
83%
C Connecticut
80%
D Delaware
80%
M Maryland
80%
N New Hampshire
80%
N North Carolina
80%
S South Carolina
80%
A Alabama
78%
M Minnesota
78%
M Mississippi
76%
No matching quizzes found
Score Distribution
Percent of People with Each Score
Percentile by Number Answered
Your Score History
You have not taken this quiz